000
00199 a2200097 4500
001
122434
040
_c
Escola Canadense de Niteroi
090
_a
MUSIC
245
1
0
_a
Merry Christmas! -
942
_c
MATP
999
_c
122434
_d
122434